[Event "Chigorin Mem"]
[Site "St Petersburg RUS"]
[Date "2005.10.17"]
[Round "3"]
[White "Ponfilenok,V"]
[Black "Gasanov,E"]
[Result "1/2-1/2"]
[WhiteElo "2256"]
[BlackElo "2427"]

1.d4 Nf6 2.Bg5 Ne4 3.Bf4 c5 4.f3 Qa5+ 5.c3 Nf6 6.Nd2 cxd4 7.Nb3 Qb6 8.Qxd4 Nc6
9.Qxb6 axb6 10.Nd4 Ra5 11.e4 e5 12.Nxc6 dxc6 13.Be3 b5 14.a3 Be6 15.Bd3 Nd7
16.Ne2 Ra6 17.Nc1 Nb6 18.Rb1 Nc4 19.Bf2 Be7 20.Nb3 b6 21.Nd2 O-O 22.Nxc4 bxc4
23.Bc2 b5 24.Ke2 c5 25.Rhd1 Rb8 26.Be1 Kf8 27.Ra1 Ke8 28.Bg3 f6 29.Be1 Bd6
30.Bf2 Ke7 31.Be3 g6 32.Bf2 Rba8 33.Rd2 Ke8 34.Rb1 Be7 35.Rdd1 Rb8 36.Ra1 Bd6
37.Be3 Rba8 38.Rab1 Rc8 39.Ra1 Kd7 40.Bf2 Kc6 41.Be1 Rca8 42.Rab1 Rb8 43.Ra1 Ra7
44.Bf2 Raa8 45.Be1 Ra7 46.Bf2 Rg7 47.Be3 f5 48.f4 Re8 49.g3 exf4 50.Bxf4 Bxf4
51.gxf4 fxe4 52.Ke3 Bg4 53.Rg1 Bf3 54.Rg5 h6 55.Rg3 g5 56.fxg5 hxg5 57.Rag1 Rh8
58.h3 Re7 59.Bd1 Rd8 60.Bc2 Rh8 61.Bd1 Rf7 62.Bc2 Rh4 63.Rxg5 Rxh3 64.Bxe4+ Bxe4+
65.Kxe4 Re7+ 66.Kf4 Rh2 67.Rg6+ Kb7 68.R1g5 Rf2+ 69.Kg3 Rxb2 70.Rxc5 Re3+
71.Kf4 Rxc3 72.Rh5 Rf2+ 73.Ke4 Rf7  1/2-1/2

[Event "SCG First League m"]
[Site "Vrnjacka Banja SCG"]
[Date "2005.10.18"]
[Round "2"]
[White "Maksimovic,B"]
[Black "Arsovic,G"]
[Result "1-0"]
[WhiteElo "2395"]
[BlackElo "2419"]

1.d4 Nf6 2.Bg5 Ne4 3.Bf4 c5 4.f3 Qa5+ 5.c3 Nf6 6.Nd2 cxd4 7.Nb3 Qb6 8.Qxd4 Nc6
9.Qxb6 axb6 10.Be3 e5 11.Bxb6 d5 12.e4 Be6 13.Bb5 dxe4 14.Na5 Bd7 15.Nc4 Nb8
16.Bxd7+ Nbxd7 17.Bf2 Rc8 18.Nd2 exf3 19.Ngxf3 Ng4 20.Bg1 f6 21.O-O-O Nc5
22.Bxc5 Bxc5 23.Ne4 Ke7 24.Nxc5 Rxc5 25.Rhe1 Rd8 26.Rxd8 Kxd8 27.Kc2 Rd5
28.a4 Kc7 29.b4 Nh6 30.c4 Rd8 31.c5 Nf5 32.Re4 h5 33.Kc3 g5 34.b5 g4 35.Nd2 Rd5
36.Nb3 Rd1 37.a5 g3 38.hxg3 Nxg3 39.Ra4 Ne2+ 40.Kc2 Rd5 41.a6 bxa6 42.bxa6 Kb8
43.c6 Nd4+ 44.Nxd4 Rc5+ 45.Kd3 exd4 46.a7+ Ka8 47.Ra6 Rg5 48.Kxd4 Rxg2 49.Kd5 Rd2+
50.Ke6 Re2+ 51.Kd7 Rd2+ 52.Kc7 h4 53.Rb6 Ra2 54.Rb4 Kxa7 55.Rxh4 f5 56.Rf4 Ra5
57.Rb4 Ka6 58.Kb8 Rc5 59.c7 Ka5 60.Rb1  1-0

[Event "SCG First League m"]
[Site "Vrnjacka Banja SCG"]
[Date "2005.10.19"]
[Round "3"]
[White "Marcetic,N"]
[Black "Lazic,Dr"]
[Result "1-0"]
[WhiteElo "2396"]
[BlackElo "2332"]

1.d4 Nf6 2.Bg5 Ne4 3.Bf4 d5 4.e3 Nd7 5.f3 g5 6.fxe4 gxf4 7.e5 fxe3 8.e6 Nf6
9.exf7+ Kxf7 10.Nf3 Bh6 11.Ne5+ Kg7 12.Bd3 Rf8 13.O-O c5 14.Qe1 c4 15.Qg3+ Kh8
16.Bxh7 e2 17.Rf3 e1=Q+ 18.Qxe1 Kxh7 19.Qh4 Qe8 20.Nc3 Be6 21.Raf1 Qh5 22.Qe1 Ng8
23.Ne2 Rxf3 24.Rxf3 Rf8 25.Ng3 Qh4 26.Rxf8 Bxf8 27.Nf3 Qh6 28.Qxe6 Qc1+ 29.Ne1 Qd2
30.Nf5 Bg7 31.c3 Bf6 32.h3 Qxb2 33.Qf7+  1-0

[Event "SCG First League m"]
[Site "Vrnjacka Banja SCG"]
[Date "2005.10.20"]
[Round "4"]
[White "Maksimovic,B"]
[Black "Stojanovic,Da"]
[Result "1/2-1/2"]
[WhiteElo "2395"]
[BlackElo "2459"]

1.d4 Nf6 2.Bg5 Ne4 3.Bf4 c5 4.d5 Qb6 5.Nd2 Nxd2 6.Bxd2 e6 7.Bc3 exd5 8.Qxd5 Qe6
9.e4 Nc6 10.O-O-O Nb4 11.Qxe6+ fxe6 12.Kb1 b6 13.Nf3 Bb7 14.Ne5 Rd8 15.Bb5 Nc6
16.Bxc6 Bxc6 17.Nxc6 dxc6 18.Rxd8+ Kxd8 19.Rd1+ Kc8 20.Rd3 Be7 21.Rf3 Rf8
22.Bxg7 Rxf3 23.gxf3 Bh4 24.c3 Bxf2 25.Kc2 Be3 26.Be5 c4 27.h3 Kd7 28.Kd1 c5
29.Bg3 b5 30.Be1 Bf4 31.Bd2 e5 32.Bxf4 exf4 33.Kc2 Kd6  1/2-1/2

[Event "SCG First League m"]
[Site "Vrnjacka Banja SCG"]
[Date "2005.10.21"]
[Round "5"]
[White "Miladinovic,I"]
[Black "Lekic,D"]
[Result "1-0"]
[WhiteElo "2609"]
[BlackElo "2352"]

1.d4 Nf6 2.Bg5 Ne4 3.Bf4 c5 4.f3 Qa5+ 5.c3 Nf6 6.Nd2 cxd4 7.Nb3 Qb6 8.Qxd4 Nc6
9.Qxb6 axb6 10.Be3 e5 11.Bxb6 d5 12.e4 Be6 13.Nc5 Bxc5 14.Bxc5 dxe4 15.a4 exf3
16.Nxf3 Nd7 17.Bd6 f6 18.Bb5 Nb6 19.Bc5 Nc4 20.b4 Nb2 21.O-O Bc4 22.Rfb1 Bxb5
23.axb5 Rxa1 24.Rxa1 Nd8 25.Nd2 Kd7 26.Ra7 Re8 27.g3 e4 28.Ra2 Nd3 29.Nxe4 f5
30.Nf6+ gxf6 31.Rd2 Re1+ 32.Kg2 Nf7 33.Rxd3+ Kc7 34.b6+ Kc6 35.c4 Re4 36.Bd4  1-0

[Event "Essent Open"]
[Site "Hoogeveen NED"]
[Date "2005.10.22"]
[Round "2"]
[White "Van Ruitenburg,J"]
[Black "Rogers,I"]
[Result "0-1"]
[WhiteElo "2216"]
[BlackElo "2556"]

1.d4 Nf6 2.Bg5 Ne4 3.Bh4 c5 4.f3 g5 5.fxe4 gxh4 6.e3 Bh6 7.Nd2 Bxe3 8.d5 d6
9.Nc4 Bd4 10.c3 Bf6 11.a4 Nd7 12.Qh5 Nf8 13.e5 dxe5 14.Nxe5 Ng6 15.Bb5+ Kf8
16.Ngf3 Qd6 17.Nd3 Kg7 18.O-O a6 19.Bc4 Nf4 20.Nxf4 Qxf4 21.d6 Qxc4 22.Ne5 Qe6
23.Rae1 exd6 24.Rxf6 Qxf6 25.Rf1 dxe5 26.Rxf6 Kxf6 27.Qxh4+ Ke6 28.Qc4+ Kd6
29.Qd3+ Kc7 30.Qd5 Be6 31.Qxc5+ Kd7 32.Qxe5 Rad8 33.b4 Rhg8 34.b5 Rg4 35.a5 Rdg8
36.g3 R8g5 37.Qh8 Rxb5 38.Qxh7 Ra4 39.Kf2 Rf5+ 40.Kg2 Ra2+ 41.Kg1 Rff2 42.Qd3+ Ke8
43.Qd6 Rg2+ 44.Kh1 Rxh2+ 45.Kg1 Rag2+ 46.Kf1 Bc4+ 47.Ke1 Rh1+  0-1

[Event "SCG First League m"]
[Site "Vrnjacka Banja SCG"]
[Date "2005.10.22"]
[Round "6"]
[White "Ivanisevic,I"]
[Black "Solak,D"]
[Result "1-0"]
[WhiteElo "2588"]
[BlackElo "2568"]

1.d4 Nf6 2.Bg5 Ne4 3.Bf4 c5 4.f3 Qa5+ 5.c3 Nf6 6.d5 Qb6 7.Bc1 e6 8.e4 exd5
9.exd5 Bd6 10.Na3 O-O 11.Bd3 a6 12.Nc4 Qc7 13.a4 b6 14.Bg5 Nh5 15.Ne2 h6
16.Be3 Re8 17.Kf2 Bb7 18.Nxd6 Qxd6 19.c4 Qf6 20.g4 Qh4+ 21.Ng3 Nf6 22.Qd2 d6
23.Kg2 Bc8 24.Bf4 Nxg4 25.fxg4 Bxg4 26.h3 Bh5 27.Nf5 Qf6 28.Nxd6 Re5 29.Bxe5 Qxe5
30.Rae1 Qxd6 31.Re8+  1-0

[Event "zt 3.3"]
[Site "Beijing CHN"]
[Date "2005.10.23"]
[Round "6"]
[White "Zhou Weiqi"]
[Black "Wu Wenjin"]
[Result "1/2-1/2"]
[WhiteElo "2416"]
[BlackElo "2523"]

1.d4 Nf6 2.Bg5 Ne4 3.Bh4 d5 4.Nd2 Bf5 5.f3 Nxd2 6.Qxd2 Qd7 7.e3 e6 8.Ne2 h6
9.Nc3 Bg6 10.a3 c5 11.Bb5 Nc6 12.dxc5 Bxc5 13.e4 a6 14.Bd3 Ne5 15.exd5 Nxd3+
16.cxd3 exd5 17.d4 Ba7 18.O-O O-O 19.Rfe1 Rfe8 20.Bf2 Rac8 21.Rxe8+ Rxe8
22.Re1 f6 23.Rxe8+ Bxe8 24.Qd1 Qe6 25.Qe2 Kf7 26.Qxe6+ Kxe6 27.Kf1 g5 28.g3 Bb8
29.Be3 Bd6 30.Kf2 Bc6 31.Bd2 Be7 32.Be3 Bd8 33.Ke2 Bc7 34.Kf2 Be8 35.Bd2 Bg6
36.Ke3 Bc2 37.Be1 Bb3 38.Ne2 Bc4 39.Nc3 b6 40.Nb1 Bb3 41.Nc3 Kd7 42.Bd2 Kc6
43.Be1 a5 44.Bd2 Bd6 45.Bc1 b5 46.Ne2 b4 47.axb4 a4 48.Nc3 Bxb4 49.Bd2 Bd6
50.Nb1 Bc2 51.Na3 Bd1 52.Ba5 Be7 53.Be1 h5 54.Bd2 h4 55.Kf2 h3 56.Ba5 g4
57.f4 Bf3 58.Ke3 Be4 59.Bc3 Bf5 60.Be1 Bc8 61.Bc3 Ba6 62.Kf2 Kd7 63.Nc2 Bd3
64.Ne3 f5 65.Nxd5 a3 66.bxa3 Bxa3 67.Bb4 Ke6 68.Nc7+ Kd7 69.Nd5 Ke6 70.Nc7+  1/2-1/2

[Event "Essent Open"]
[Site "Hoogeveen NED"]
[Date "2005.10.25"]
[Round "5"]
[White "Cebalo,M"]
[Black "Dogge,M"]
[Result "1-0"]
[WhiteElo "2512"]
[BlackElo "2168"]

1.d4 Nf6 2.Bg5 Ne4 3.Bf4 c5 4.f3 Qa5+ 5.c3 Nf6 6.d5 d6 7.e4 g6 8.Na3 Bg7
9.Nc4 Qd8 10.a4 O-O 11.Qd2 Re8 12.Ne2 Nbd7 13.g4 Nb6 14.Ng3 e6 15.Nxd6 exd5
16.Nxe8 Qxe8 17.Bb5 Bd7 18.O-O dxe4 19.Bxd7 Qxd7 20.Qxd7 Nbxd7 21.Rad1 Nb6
22.g5 Nfd5 23.Bc1 Ne7 24.Nxe4 Nxa4 25.Rd7 Nc6 26.Rxb7 c4 27.Bf4 Be5 28.Bxe5 Nxe5
29.Ra1  1-0

[Event "SCG First League m"]
[Site "Vrnjacka Banja SCG"]
[Date "2005.10.25"]
[Round "9"]
[White "Maksimovic,B"]
[Black "Brenjo,S"]
[Result "0-1"]
[WhiteElo "2395"]
[BlackElo "2465"]

1.d4 Nf6 2.Bg5 Ne4 3.Bf4 c5 4.f3 Qa5+ 5.c3 Nf6 6.Nd2 cxd4 7.Nb3 Qb6 8.Qxd4 Nc6
9.Qxb6 axb6 10.Nd4 e5 11.Nxc6 dxc6 12.Bxe5 Be7 13.e4 O-O 14.Bc4 b5 15.Bb3 Nd7
16.Bd4 c5 17.Be3 Ne5 18.O-O-O c4 19.Bc2 Rxa2 20.Kb1 Ra5 21.Ne2 Be6 22.Nf4 Rfa8
23.Kc1 b4 24.cxb4 Bxb4 25.Bd4 Ra1+ 26.Bb1 Nc6 27.Nxe6 fxe6 28.Bc3 Bxc3 29.bxc3 R1a3
30.Kd2 b5 31.Rc1 Na5 32.Ke2 Nb3 33.Rc2 Nc5 34.Rhc1 e5 35.Rb2 Na4 36.Rbc2 Kf7
37.Ke1 Ke7 38.g3 Rd8 39.f4 Rd3 40.Rd2 Raxc3 41.Rxc3 Rxc3 42.Bc2 Nb6 43.fxe5 b4
44.Bd1 Rc1 45.Rd6 c3 46.Ke2 Nc4 47.Rc6 c2  0-1

[Event "Open A"]
[Site "Liberec CZE"]
[Date "2005.10.26"]
[Round "5"]
[White "Majerik,V"]
[Black "Horyna,J"]
[Result "1/2-1/2"]
[WhiteElo "2085"]
[BlackElo "1926"]

1.d4 Nf6 2.Bg5 Ne4 3.h4 Nxg5 4.hxg5 e5 5.g6 fxg6 6.dxe5 Nc6 7.Nf3 d6 8.exd6 Qxd6
9.Qxd6 Bxd6 10.c3 Bf5 11.Nbd2  1/2-1/2

[Event "25th An FMA"]
[Site "Madrid ESP"]
[Date "2005.10.31"]
[Round "4"]
[White "Cruz,A BOL"]
[Black "Minzer,C"]
[Result "0-1"]
[WhiteElo "2306"]
[BlackElo "2438"]

1.d4 Nf6 2.Bg5 Ne4 3.Bf4 c5 4.f3 Nf6 5.d5 Nh5 6.Bd2 e5 7.g3 d6 8.e4 g6 9.Bb5+ Nd7
10.Qc1 Bg7 11.Bg5 f6 12.Bh6 O-O 13.Bxg7 Nxg7 14.Ne2 f5 15.Bxd7 Bxd7 16.Qe3 Qb6
17.b3 fxe4 18.fxe4 Bg4 19.Nd2 Nh5 20.O-O-O Qa6 21.Rde1 Qxa2 22.Nc3 Qa6 23.Kb2 b5
24.Rhf1 Qb7 25.Qg5 Bh3 26.Rf3 Rxf3 27.Nxf3 Rf8 28.Nh4 b4 29.Nd1 c4 30.bxc4 Qa6
31.Qe3 Qxc4 32.Nf3 Bg4 33.Nd2 Qc7 34.Nb1 Bxd1 35.Rxd1 a5 36.Qb3 Nf6 37.Nd2 Nd7
38.Rf1 Rxf1 39.Nxf1 Nb6 40.Nd2 Qc5 41.Nf3 Qf2 42.Ng5 Qd4+ 43.Ka2 h6 44.Qf3 b3+
45.Kxb3 Qa4+ 46.Kc3 hxg5 47.Qf6 Qb4+ 48.Kd3 Qd4+ 49.Ke2 Qxe4+ 50.Kd1 Qxd5+
51.Kc1 Qh1+ 52.Kb2 Na4+ 53.Kb3 Qb7+  0-1

[Event "Autumn Open"]
[Site "St Petersburg RUS"]
[Date "2005.11.03"]
[Round "6"]
[White "Abramov,Valen"]
[Black "Otkidach,O"]
[Result "1-0"]
[WhiteElo "2338"]
[BlackElo "2150"]

1.d4 Nf6 2.Bg5 Ne4 3.Bh4 c5 4.f3 g5 5.fxe4 gxh4 6.e3 Bh6 7.Kf2 Qb6 8.Nc3 cxd4
9.exd4 e6 10.Nf3 Nc6 11.Bb5 Bg7 12.Bxc6 bxc6 13.Re1 d6 14.Na4 Qa5 15.c4 c5
16.e5 Bd7 17.Nc3 cxd4 18.Qxd4 Qc5 19.Qxc5 dxc5 20.Nxh4 Rb8 21.b3 Bc6 22.Nf3 Ke7
23.Ne4 Bxe4 24.Rxe4 Rhd8 25.Ke2 Rd7 26.Rd1 Rxd1 27.Kxd1 Rd8+ 28.Kc2 a5 29.Rg4 Kf8
30.h3 Rd7 31.Rh4 f6 32.Rxh7 fxe5 33.Nxe5 Rd4 34.Nd3 Re4 35.Nxc5  1-0

[Event "FSGM November"]
[Site "Budapest HUN"]
[Date "2005.11.06"]
[Round "2"]
[White "Turov,M"]
[Black "Berczes,D"]
[Result "1-0"]
[WhiteElo "2546"]
[BlackElo "2475"]

1.d4 Nf6 2.Bg5 Ne4 3.Bf4 c5 4.f3 Qa5+ 5.c3 Nf6 6.Nd2 cxd4 7.Nb3 Qb6 8.Qxd4 Nc6
9.Qxb6 axb6 10.Be3 b5 11.Nd4 Nxd4 12.Bxd4 d5 13.e4 dxe4 14.Bxb5+ Bd7 15.Bxd7+ Nxd7
16.fxe4 e5 17.Bf2 Ra4 18.O-O-O Rxa2 19.Nf3 Ba3 20.bxa3 Rxf2 21.Rd5 Nf8 22.Rb5 Ne6
23.Rxb7 O-O 24.Rb2 Rxb2 25.Kxb2 Nc5 26.Nxe5 f6 27.Nc4 Nxe4 28.Rd1 f5 29.a4 g5
30.a5 Rf6 31.Kb3 f4 32.Kb4 g4 33.Ra1 Rf8 34.a6 Rb8+ 35.Ka5 Nc5 36.a7 Nb3+
37.Ka4 Nc5+ 38.Ka3 Ra8 39.Kb4 Nd7 40.Kb5 f3 41.gxf3 gxf3 42.Nb6 Nxb6 43.Kxb6 f2
44.Kb7 Rf8 45.a8=Q f1=Q 46.Rxf1  1-0

[Event "TCh-CZE Extraliga 2005-6"]
[Site "Czech Rep CZE"]
[Date "2005.11.06"]
[Round "4"]
[White "Wojtaszek,R"]
[Black "Rasik,V"]
[Result "1-0"]
[WhiteElo "2606"]
[BlackElo "2466"]

1.d4 Nf6 2.Bg5 Ne4 3.Bf4 d5 4.f3 Nf6 5.Nc3 Bf5 6.g4 Bg6 7.h4 h6 8.Nb5 Na6
9.c4 e6 10.Nh3 Bb4+ 11.Nc3 O-O 12.a3 Be7 13.b4 Nb8 14.e3 a5 15.b5 c5 16.bxc6 Nxc6
17.h5 Bh7 18.c5 Nd7 19.Bb5 e5 20.dxe5 Ndxe5 21.Qxd5 Qc8 22.O-O Rd8 23.Qb3 Bxc5
24.Kg2 Bd3 25.Rfd1 a4 26.Nxa4 Bxb5 27.Qxb5 Ra5 28.Qb3 Rxd1 29.Qxd1 Bf8 30.Nf2 Nc4
31.Ne4 Qa8 32.Nac3 b5 33.Qb3 Nxa3 34.Rd1 Nc4 35.Nxb5 N6e5 36.Bxe5 Nxe5 37.Rd5 Ra2+
38.Nf2 Rb2 39.Qxb2 Qxd5 40.Nd4 Nc4 41.Qc3 Ne5 42.e4 Qc5 43.Qxc5 Bxc5 44.Nf5 Kh7
45.Nd1 g6 46.Ng3 Nd3 47.Ne2 gxh5 48.gxh5 f5 49.exf5 Kg7 50.Ndc3 Kf6 51.Ng3 Nf4+
52.Kh2 Ke5 53.Nce4 Be7 54.Nf2 Bf8 55.Ng4+ Kd4 56.Kg1 Kd5 57.Kf2 Bc5+ 58.Kf1 Bf8
59.Nf6+ Kd4 60.Ng4 Kd5 61.Ke1 Bb4+ 62.Kd1 Bf8 63.Kd2 Bc5 64.Nxh6 Bf2 65.Ng4 Bxg3
66.h6  1-0

[Event "1st Open"]
[Site "Piacenza ITA"]
[Date "2005.11.06"]
[Round "4"]
[White "Bozzali,E"]
[Black "Magrini,F"]
[Result "0-1"]
[WhiteElo "2108"]
[BlackElo "2067"]

1.d4 Nf6 2.Bg5 Ne4 3.Bf4 c5 4.d5 Qb6 5.Bc1 e6 6.f3 Nf6 7.e4 exd5 8.e5 Qe6
9.Qe2 Ng8 10.Nc3 a6 11.Nh3 Ne7 12.Nf4 Qc6 13.Bd2 b5 14.a3 Bb7 15.g3 d6 16.e6 f5
17.Bg2 d4 18.Na2 Qb6 19.O-O Nbc6 20.Kh1 h5 21.h4 g5 22.hxg5 h4 23.g4 d3 24.cxd3 h3
25.Bc3 hxg2+ 26.Kxg2 Nd4 27.Bxd4 cxd4 28.Kg3 fxg4 29.Kxg4 Qc5  0-1

[Event "WJun Girls"]
[Site "Instanbul TUR"]
[Date "2005.11.10"]
[Round "2"]
[White "Corke,A"]
[Black "Motoc,A"]
[Result "0-1"]
[WhiteElo "2222"]
[BlackElo "2313"]

1.d4 Nf6 2.Bg5 Ne4 3.Bf4 c5 4.f3 Qa5+ 5.c3 Nf6 6.d5 Qb6 7.Bc1 e6 8.c4 exd5
9.cxd5 c4 10.e3 Bc5 11.Kf2 O-O 12.Bxc4 Re8 13.Qb3 Qd8 14.Ne2 d6 15.Rd1 a6
16.a4 Nbd7 17.Rg1 Ne5 18.Nd4 Nxc4 19.Qxc4 b5 20.Qd3 Nxd5 21.axb5 Qb6 22.Nc3 Nb4
23.Qd2 Rb8 24.Na4 Qc7 25.Nxc5 dxc5 26.Nc2 Nxc2 27.Qxc2 axb5 28.Bd2 Be6 29.Rgc1 c4
30.Bc3 b4 31.Bd4 Rb5 32.Ra7 Qc6 33.Qa4 h6 34.Ra6 Qd5 35.Rd1 Rd8 36.e4 Qb7
37.Ra7 Qb8 38.Ra5 Rxd4 39.Rxd4 Qb6 40.Ra8+ Kh7 41.Qa7 Qc6 42.Qa6 Rb6 43.Qa4 Qc5
44.Rd8 c3 45.Qc2 b3  0-1

[Event "zt 2.5"]
[Site "Las Condes CHI"]
[Date "2005.11.11"]
[Round "8"]
[White "Labollita,M"]
[Black "Pierrot,F"]
[Result "0-1"]
[WhiteElo "2408"]
[BlackElo "2445"]

1.d4 Nf6 2.Bg5 Ne4 3.Bf4 d5 4.f3 Nf6 5.e4 e6 6.e5 Nfd7 7.Be3 b6 8.f4 Be7
9.Nf3 O-O 10.a3 c5 11.c4 cxd4 12.Nxd4 Bb7 13.Nc3 dxc4 14.Qg4 Bh4+ 15.Ke2 Nc6
16.Nf3 Be7 17.Rd1 Qc8 18.Kf2 Na5 19.h4 Bc5 20.Nd4 Rd8 21.Rh3 Nc6 22.Ndb5 Ndxe5
23.fxe5 Nxe5 24.Qf4 Nd3+ 25.Bxd3 cxd3 26.Rg3 Bf8 27.h5 a6 28.h6 g6 29.Nd4 Qc4
30.Nf3 Qxf4 31.Bxf4 f6 32.Ne1 e5 33.Be3 e4 34.Bxb6 Rdb8 35.Bd4 f5 36.Rh3 Bc6
37.Rd2 f4 38.Nxe4 Bxe4 39.Nxd3 Bf5 40.Rh1 g5 41.Bf6 Rb5 42.Rh5 Kf7 43.Bg7 Bxg7
44.hxg7 Bg6 45.Rh1 Rd5 46.Rhd1 Kxg7 47.Nb4 Rxd2+ 48.Rxd2 a5 49.Nc6 Be4 50.Rd7+ Kf6
51.Nd4 Rb8 52.b3 Ke5 53.g3 fxg3+ 54.Kxg3 Bd5 55.Nf3+ Ke6  0-1

[Event "WJun"]
[Site "Instanbul TUR"]
[Date "2005.11.12"]
[Round "4"]
[White "Wang Yue"]
[Black "Macak,S"]
[Result "1-0"]
[WhiteElo "2585"]
[BlackElo "2319"]

1.d4 Nf6 2.Bg5 Ne4 3.Bf4 d5 4.e3 e6 5.Bd3 Bd6 6.Ne2 Nf6 7.c4 dxc4 8.Bxc4 Bxf4
9.Nxf4 e5 10.dxe5 Qxd1+ 11.Kxd1 Ng4 12.Nd3 Bf5 13.Ke2 Bxd3+ 14.Bxd3 Nxe5
15.Be4 c6 16.Nd2 Na6 17.f4 Ng6 18.Nc4 O-O-O 19.Rad1 f6 20.Nd6+ Kc7 21.Nf5 Nc5
22.Bc2 Rde8 23.Kf3 Ne6 24.Bb3 Ngf8 25.h4 g6 26.Nd6 Re7 27.h5 Rg8 28.g4 Nd7
29.hxg6 hxg6 30.Nxb7 Ng5+ 31.fxg5 Rge8 32.Rxd7+ Kxd7 33.gxf6 Rxe3+ 34.Kf4 R8e5
35.Rh7+ Kc8 36.Nd6+ Kb8 37.g5  1-0

[Event "WJun"]
[Site "Instanbul TUR"]
[Date "2005.11.12"]
[Round "4"]
[White "Laznicka,V"]
[Black "Gopal,G"]
[Result "1/2-1/2"]
[WhiteElo "2517"]
[BlackElo "2327"]

1.d4 Nf6 2.Bg5 Ne4 3.Bf4 c5 4.d5 e6 5.f3 Qa5+ 6.c3 Nf6 7.e4 exd5 8.exd5 d6
9.a4 Be7 10.Bb5+ Nbd7 11.Na3 O-O 12.Nc4 Qc7 13.Ne2 a6 14.Bxd7 Bxd7 15.a5 Nh5
16.Bd2 Bb5 17.Nb6 Bxe2 18.Qxe2 Rae8 19.O-O-O Bg5 20.Qd3 Bxd2+ 21.Qxd2 Nf6
22.Rhe1 Nd7 23.Nc4 b5 24.axb6 Nxb6 25.Qd3 Rb8 26.Rd2 Nxc4 27.Qxc4 Rb5 28.Re3 Qa5
29.Kb1 Qc7 30.Rde2 Qd7 31.Re7 Qf5+ 32.Qe4 Qf6 33.Re8 g6 34.Rxf8+ Kxf8 35.Kc2 Rb8
36.Kd1 a5 37.Ke1 Kg7 38.Kf2 h6 39.h3 Qg5 40.f4 Qf6 41.Kf1  1/2-1/2

[Event "TCh-FIN 2005-6"]
[Site "Jyvaskyla FIN"]
[Date "2005.11.12"]
[Round "5"]
[White "Mertanen,J"]
[Black "Luukkonen,T"]
[Result "1-0"]
[WhiteElo "2288"]
[BlackElo "2254"]

1.d4 Nf6 2.Bg5 Ne4 3.Bf4 c5 4.f3 Qa5+ 5.c3 Nf6 6.Nd2 cxd4 7.Nb3 Qd8 8.cxd4 d5
9.e3 Nc6 10.Bb5 e6 11.Rc1 Qb6 12.Bd3 a5 13.Ne2 a4 14.Nc5 Qxb2 15.O-O Qb6
16.Rb1 Qd8 17.Nxb7 Qd7 18.Nc5 Bxc5 19.dxc5 e5 20.Bg3 Qe7 21.Qc2 O-O 22.Bb5 Na5
23.Qc3 Bf5 24.Rbc1 Rfb8 25.Bxa4 Nc4 26.Bb3 Ra3 27.e4 Bxe4 28.fxe4 Nxe4 29.Qd3 Qxc5+
30.Kh1 Ned2 31.Bxe5 Re8 32.Bd4 Qe7 33.Rfe1 Ra6 34.Bc2 Ne4 35.Ng3 Ra3 36.Rxe4 dxe4
37.Qxc4 Rd8 38.Bc5 Qc7 39.Bb3  1-0

[Event "WJun"]
[Site "Instanbul TUR"]
[Date "2005.11.14"]
[Round "6"]
[White "Samakov,N"]
[Black "Gopal,G"]
[Result "0-1"]
[WhiteElo "2209"]
[BlackElo "2327"]

1.d4 Nf6 2.Bg5 Ne4 3.Bf4 c5 4.f3 Qa5+ 5.c3 Nf6 6.d5 Qb6 7.Qd2 Nxd5 8.Qxd5 Qxb2
9.Qb3 Qxa1 10.Kf2 Nc6 11.e4 e6 12.Nh3 c4 13.Qc2 Bc5+ 14.Be3 Bxe3+ 15.Kxe3 d5
16.Nf4 d4+ 17.Kf2 d3 18.Qd2 Qxb1  0-1

[Event "2nd Bundesliga Ost 2005-6"]
[Site "Austria AUT"]
[Date "2005.11.19"]
[Round "3"]
[White "Brustkern,J"]
[Black "Holemar,D"]
[Result "0-1"]
[WhiteElo "2236"]
[BlackElo "2287"]

1.d4 Nf6 2.Bg5 Ne4 3.Bf4 d5 4.e3 Bf5 5.f3 Nd6 6.Bd3 Bg6 7.Nc3 e6 8.Nge2 Nc6
9.a3 Be7 10.e4 Nc8 11.Nb5 Nd6 12.Nxd6+ Bxd6 13.Bxd6 Qxd6 14.e5 Qd7 15.h4 Bxd3
16.Qxd3 O-O-O 17.f4 h5 18.Qd2 Ne7 19.O-O-O Kb8 20.Kb1 Rc8 21.Rc1 Nf5 22.g3 c5
23.Rhg1 g6 24.c3 Qa4 25.Rcd1 Rc6 26.dxc5 Rxc5 27.Nd4 Nxd4 28.Qxd4 Rc4 29.Qd3 Rhc8
30.Rd2 Qb3 31.Rc1 d4 32.Rdc2 a6 33.Qd2 dxc3 34.Rxc3 Rxc3 35.Rxc3 Rxc3 36.Qxc3 Qxc3
37.bxc3 Kc7 38.c4 Kc6 39.Kc2 Kc5 40.Kd3 b5 41.cxb5 Kxb5 42.Kc3 Kc5 43.Kb3 Kd4
44.Kb4 Ke3 45.Ka5 Kf3 46.Kxa6 Kxg3 47.Kb6 Kxf4 48.a4 g5 49.a5 g4 50.a6 g3
51.a7 g2 52.a8=Q g1=Q+ 53.Kc7 Qc5+ 54.Kd7 Qd5+  0-1

[Event "TCh-AUT 2005-6"]
[Site "Austria AUT"]
[Date "2005.11.20"]
[Round "3"]
[White "Pavasovic,D"]
[Black "Polzin,R"]
[Result "1-0"]
[WhiteElo "2527"]
[BlackElo "2514"]

1.d4 Nf6 2.Bg5 Ne4 3.Bf4 c5 4.f3 Nf6 5.d5 Qb6 6.Nc3 Qxb2 7.Bd2 Qb6 8.e4 d6
9.Rb1 Qd8 10.f4 a6 11.a4 g6 12.Nf3 Bg7 13.Bc4 O-O 14.e5 dxe5 15.fxe5 Ng4
16.Qe2 Nd7 17.e6 Nde5 18.Nxe5 Nxe5 19.O-O Bxe6 20.dxe6 Qd4+ 21.Kh1 Qxc4 22.exf7+ Rxf7
23.Rxf7 Kxf7 24.Rxb7 Rd8 25.Qf2+ Kg8 26.Rxe7 Ng4 27.Qe2 Qxe2 28.Rxe2 Rxd2
29.Rxd2 Bxc3 30.Rd8+ Kg7 31.Rc8 Nf2+ 32.Kg1 Ne4 33.Kf1 Bb4 34.Rc7+ Kg8 35.Rc8+ Kg7
36.Rc7+ Kh6 37.h4 Ng3+ 38.Kf2 Nf5 39.g4 Nxh4 40.Kg3 Be1+ 41.Kh3 Kg5 42.Rxh7 Nf3
43.Rc7 Bb4 44.c3 Bxc3 45.Rxc5+ Be5 46.Ra5 Kf4 47.Rxa6 g5 48.a5 Nd4 49.Rb6 Kf3
50.Rg6 Bf4 51.a6 Ne2 52.Rxg5 Bxg5 53.a7 Ng1+ 54.Kh2 Kf2 55.a8=Q Nf3+ 56.Kh1 Kg3
57.Qe4 Bf4 58.Qc2 Bg5 59.Qe2 Nh4 60.Qd1 Nf3 61.Qf1 Kxg4 62.Kg2 Ne5 63.Qe2+ Kf5
64.Qh5 Kf4 65.Kh3 Bf6 66.Qh6+ Kf5 67.Kg3 Bg5 68.Qh7+ Kf6 69.Qe4 Ke6 70.Qh7 Kf6
71.Kf2 Ke6 72.Ke2 Kf6 73.Kd1 Ke6 74.Kc2 Kf6 75.Kc3 Be3 76.Kb4 Bg5 77.Kc5 Ke6
78.Qg8+ Kf5 79.Kd5 Ng4 80.Qc8+ Kf4 81.Qc1+ Kf5 82.Qf1+ Bf4 83.Qh3 Bg5 84.Qf3+ Bf4
85.Qe4+ Kg5 86.Ke6 Ne3 87.Qf3 Ng4 88.Qb7 Ne3 89.Qg7+ Kh4 90.Qg1 Kh5 91.Kf6 Kh4
92.Kg6 Kh3 93.Kh5 Ng2 94.Qf2 Bg3 95.Qf5+ Kh2 96.Qc2 Kh3 97.Qc8+ Kh2 98.Kg4 Be1
99.Qc2 Kg1 100.Kf3 Nh4+ 101.Ke2 Bg3 102.Qe4 Kh2 103.Kf1 Kh3 104.Kg1 Bb8 105.Qe6+ Kg3
106.Qg8+  1-0

[Event "18th Belgrade Trophy"]
[Site "Obrenovac SCG"]
[Date "2005.11.26"]
[Round "5"]
[White "Lazic,L"]
[Black "Stojanovic,Sa1"]
[Result "1-0"]
[WhiteElo "2260"]
[BlackElo "2107"]

1.d4 Nf6 2.Bg5 Ne4 3.Bf4 d5 4.e3 e6 5.Nd2 Nxd2 6.Qxd2 Nd7 7.Nf3 Be7 8.Bd3 c5
9.c3 O-O 10.O-O Nf6 11.h3 b6 12.Rad1 Bb7 13.Bb1 Rc8 14.Qc2 g6 15.Ne5 a6 16.Qe2 cxd4
17.exd4 Nh5 18.Bh6 Ng7 19.f4 b5 20.a3 Re8 21.g4 Qd6 22.f5 exf5 23.gxf5 Bf8
24.Qf2 Rc7 25.Bf4 Qb6 26.Ng4 Nh5 27.Bxc7 Qxc7 28.fxg6 hxg6 29.Rde1 Rxe1 30.Rxe1 Bc8
31.Re5 Bg7 32.Re8+ Kh7 33.Rxc8 Qxc8 34.Qxf7  1-0

[Event "TCh-HUN 2005-6"]
[Site "Hungary HUN"]
[Date "2005.11.27"]
[Round "4"]
[White "Hoang Thanh Trang"]
[Black "Forintos,G"]
[Result "1-0"]
[WhiteElo "2471"]
[BlackElo "2347"]

1.d4 Nf6 2.Bg5 Ne4 3.Bf4 d6 4.f3 Nf6 5.e4 e5 6.dxe5 Nh5 7.Be3 dxe5 8.Qxd8+ Kxd8
9.Nc3 Be6 10.O-O-O+ Nd7 11.g3 Bb4 12.Nge2 c6 13.f4 Nf6 14.Bg2 Kc7 15.h3 Bc5
16.Bd2 Bc4 17.g4 h6 18.Ng3 g6 19.Bf1 Bf2 20.Bxc4 Bxg3 21.Bxf7 exf4 22.Bxg6 Ne5
23.Bf5 f3 24.h4 Rae8 25.Rh3 Bf2 26.Bf4 Kb6 27.Rf1 Nfxg4 28.Rxf2 Nxf2 29.Be3+ Ka6
30.Bxf2 Rd8 31.Rg3 Rhg8 32.Nd1 Rxg3 33.Bxg3 Nc4 34.b3 Nd6 35.Bxd6 Rxd6 36.Bg4 Kb6
37.h5 Kc5 38.Nf2 b5 39.e5 Rd8 40.Bxf3 Kd4 41.Nd3 c5 42.Kd2 b4 43.e6 Rc8 44.Nf4 Ke5
45.e7 Kd6 46.Ng6  1-0

[Event "18th Belgrade Trophy"]
[Site "Obrenovac SCG"]
[Date "2005.11.27"]
[Round "6"]
[White "Nikolov,M"]
[Black "Peev,P"]
[Result "1/2-1/2"]
[WhiteElo "2435"]
[BlackElo "2291"]

1.d4 Nf6 2.Bg5 Ne4 3.Bf4 c5 4.f3 Qa5+ 5.c3 Nf6 6.Nd2 cxd4 7.Nb3 Qf5 8.Bxb8 Rxb8
9.Qxd4 b6 10.e4 Qg5 11.e5 Ng8 12.f4 Qg6 13.O-O-O Qc6 14.f5 e6 15.fxe6 fxe6
16.Nf3 Nh6 17.Bd3 Be7 18.Be4 Qb5 19.h4 O-O 20.c4 Qa4 21.Qd3 Ba6 22.Bxh7+ Kh8
23.Kb1 Bxc4 24.Qg6 Rxf3 25.gxf3 Rf8 26.Rhg1 Rf7 27.Qc2 Bc5 28.Be4 Bxg1 29.Rxg1 Qa6
30.h5 Rxf3 31.Nc1 Rf4 32.Qg2 Rg4 33.Qf2 Rxg1 34.Qxg1  1/2-1/2

[Event "18th Belgrade Trophy"]
[Site "Obrenovac SCG"]
[Date "2005.11.28"]
[Round "7"]
[White "Marcetic,N"]
[Black "Irizanin,R"]
[Result "1-0"]
[WhiteElo "2396"]
[BlackElo "2269"]

1.d4 Nf6 2.Bg5 Ne4 3.Bf4 c5 4.f3 Qa5+ 5.c3 Nf6 6.d5 d6 7.e4 g6 8.Na3 Nbd7
9.Nc4 Qd8 10.a4 Bg7 11.Qd2 O-O 12.Ne2 Nb6 13.Ng3 Bd7 14.a5 Nxc4 15.Bxc4 b5
16.Be2 h5 17.h4 c4 18.Bh6 e6 19.dxe6 Bxe6 20.Bxg7 Kxg7 21.Qg5 Rc8 22.f4 Rc5
23.f5 Re5 24.O-O Bc8 25.Rf4 d5 26.Bxh5 Nxe4 27.Nxe4 Qxg5 28.Nxg5 gxh5 29.f6+ Kg6
30.Rd1 Bg4 31.Rd2 Rd8 32.Kh2 Rd6 33.Rfd4 Re2 34.Rxe2 Bxe2 35.Nh3 Bg4 36.Nf4+ Kxf6
37.Rxd5 Rxd5 38.Nxd5+ Ke5 39.Nb4 Ke4 40.Kg3 Ke3 41.Nc6 Kd2 42.Nxa7 Bd7 43.Kf4 Kc2
44.g4 Kxb2 45.Nxb5 Bxg4 46.a6 Bc8 47.a7 Bb7 48.Nd6 Bh1 49.Ne4  1-0

[Event "65th ch-ITA"]
[Site "Cremona ITA"]
[Date "2005.11.29"]
[Round "7"]
[White "Rossi,C"]
[Black "Manca,F"]
[Result "1/2-1/2"]
[WhiteElo "2357"]
[BlackElo "2408"]

1.d4 Nf6 2.Bg5 Ne4 3.Bf4 c5 4.f3 Qa5+ 5.c3 Nf6 6.Nd2 cxd4 7.Nb3 Qb6 8.Qxd4 Nc6
9.Qxb6 axb6 10.Be3 b5 11.Nd4 b4 12.Nb5 Ra4 13.Nc7+ Kd8 14.Bb6 bxc3 15.Ne6+ Ke8
16.Nc7+ Kd8 17.Ne6+  1/2-1/2